History Quiz

Random History or Biology Quiz

Old World vs. New World Quiz Stats

 Plays Quiz Updated Nov 25, 2012

Challenge
Share
Tweet
Embed
Score 0/48 Timer 05:00
0 Plays Today
Press 'N' or 'O' % Correct
Sheep???
83.1%
Camel???
82%
Goat???
82%
Cow???
81.2%
Pig???
81%
Rice???
80.8%
Olive???
80.7%
Chicken???
80.2%
Tea???
79%
Horse???
78.2%
Silkworm???
75.7%
Wheat???
75.5%
Grape???
75.1%
Garlic???
74.9%
Oats???
74.3%
Onion???
74.3%
Rabbit???
73.8%
Barley???
73.5%
Avocado???
71.3%
Goose???
71.1%
Apple???
69.7%
Carrot???
69.1%
Pineapple???
67.8%
Maize???
67%
Press 'N' or 'O' % Correct
Tobacco???
66.5%
Turnip???
66.4%
Alpaca???
66.2%
Pumpkin???
64.7%
Cranberry???
64.6%
Cocoa???
63.9%
Squash???
61.9%
Peanut???
61.8%
Pecan???
61.4%
Turkey???
58.3%
Sunflower???
57.3%
Blueberry???
56.9%
Almond???
56.2%
Tomato???
55.1%
Cucumber???
53.5%
Cashew???
52.8%
Soybean???
50.3%
Potato???
49%
Vanilla???
48.9%
Coffee???
44.1%
Banana???
38.4%
Mango???
37.7%
Sugarcane???
37.1%
Watermelon???
35%

You're not logged in!

Compare scores with friends on all Sporcle quizzes.
OR
Log In

You Might Also Like...

Show Comments

Extras

Top Quizzes Today


Score Distribution

Your Account Isn't Verified!

In order to create a playlist on Sporcle, you need to verify the email address you used during registration. Go to your Sporcle Settings to finish the process.

Report this User

Report this user for behavior that violates our Community Guidelines.

Details: